Consolidar la democracia en Centroamérica: una ardúa tarea/
Salvato in:
| Autore principale: | |
|---|---|
| Natura: | Sconosciuto |
| Pubblicazione: |
San José:
FLACSO. Programa Costa Rica
1995
|
| Soggetti: | |
| Tags: |
Aggiungi Tag
Nessun Tag, puoi essere il primo ad aggiungerne!!
|
MARC
| LEADER | 00000 a2200000 04500 | ||
|---|---|---|---|
| 001 | 11748 | ||
| 003 | cru CIDCACS/IIS | ||
| 005 | 20230816170459.0 | ||
| 008 | 991231s1995 cr d | ||
| 020 | |a 9977-608-70-1 | ||
| 040 | |a cru CIDCACS/IIS |b cru CIDCACS/IIS | ||
| 090 | |a 14.02.02 T164i | ||
| 100 | 1 | |a Rojas Bolaños, Manuel |9 4426 | |
| 245 | |a Consolidar la democracia en Centroamérica: |b una ardúa tarea/ |c Manuel Rojas Bolaños, Klaus-Dieter Tangermann, compilador | ||
| 260 | |a San José: |b FLACSO. Programa Costa Rica |c 1995 | ||
| 300 | |a páginas 98-155 | ||
| 650 | |a DEMOCRACIA |0 TESAUROS | ||
| 650 | |a DEMOCRATIZACION |0 TESAUROS | ||
| 650 | |a RELACIONES INTERNACIONALES |0 TESAUROS | ||
| 650 | |a PLANES DE PAZ |0 TESAUROS | ||
| 650 | |a COEXISTENCIA PACIFICA |0 TESAUROS | ||
| 650 | |a MANTENIMIENTO DE LA PAZ |0 TESAUROS | ||
| 650 | |a ELECCIONES |0 TESAUROS | ||
| 650 | |a PARTICIPACION SOCIAL |0 TESAUROS | ||
| 650 | |a CONDICIONES SOCIALES |0 TESAUROS | ||
| 650 | |a CALIDAD DE LA VIDA |0 TESAUROS | ||
| 650 | |a DESARROLLO HUMANO |0 TESAUROS | ||
| 650 | |a ELECCIONES |0 TESAUROS | ||
| 650 | |a CONDICIONES SOCIALES |0 TESAUROS | ||
| 651 | 0 | |9 308 |a CENTROAMERICA | |
| 942 | |2 z |c LI |h 14.02.02 T164i |6 140202_T164I | ||
| 999 | |c 45212 |d 45212 | ||
| 773 | 0 | |0 11683 |9 9641 |a Tangermann, Klaus-Dieter |d San José: FLACSO. Programa Costa Rica 1995 |o 24003 |t Ilusiones y dilemas: la democracia en Centroamérica / |w (cru CIDCACS/IIS)11748 |z 9977-608-70-1 | |
